000 00358nam a22001577a 4500
003 SGT
020 _a978-81-89469-30-6
082 _a615.53
_bC09S
100 _aSENGUPTA, NARENDRANATH
245 _aCARAKA SAMHITA
250 _a3RD
260 _aDELHI
_bCHAUKHAMBHA PUB
_c2009
300 _a592-1189-2260-3068-3828
650 _aAYURVEDA
942 _2ddc
_cBK
999 _c14479
_d14479